LEADER 01611nam0-2200397---450- 001 990001001960203316 005 20100610111757.0 010 $a3-428-07474-2 035 $a0100196 035 $aUSA010100196 035 $a(ALEPH)000100196USA01 035 $a0100196 100 $a20020227d1992----km-y0ITAy01------ba 101 $ager 102 $aDE 105 $a||||||||001yy 200 1 $a<> verwaltungsgerichtliche Kontrollintensitat bei der materiell-rechtlichen Nachprufung des Planfeststellungsbeschlusses fur raumbeanspruchende Grossprojekte$fvon Athanassios D. Tsevas 210 $aBerlin$cDuncker & Humblot$d1992 215 $a180 p.$d24 cm 225 $aSchriften zum Öffentlichen Recht$v621 410 1$aSchriften zum Öffentlichen Recht$12001$v621 606 0 $aTribunali amministrativi$xFunzioni di controllo in materia urbanistica$yGermania occidentale 676 $a346.43045 700 1$aTSEVAS,$bAthanassios D.$0239073 801 0$aIT$bsalbc$gISBD 912 $a990001001960203316 951 $aXXIV.1. Coll. 1/ 213 (COLL AVO 621)$b695 G$cXXIV.1. Coll. 1/ 213 (COLL AVO)$d00270726 959 $aBK 969 $aGIU 979 $aPATTY$b90$c20020227$lUSA01$h1431 979 $c20020403$lUSA01$h1741 979 $aPATRY$b90$c20040406$lUSA01$h1709 979 $aRSIAV4$b90$c20100610$lUSA01$h1117 979 $aCHIARA$b90$c20120517$lUSA01$h0929 996 $aVerwaltungsgerichtliche Kontrollintensitat bei der materiell-rechtlichen Nachprufung des Planfeststellungsbeschlusses fur raumbeanspruchende Grossprojekte$9975260 997 $aUNISA LEADER 01070cam a2200265 a 4500 001 991003803889707536 008 200511s1991 nyua b 001 0 eng d 020 $a0716750287 035 $ab14390309-39ule_inst 040 $aBibl. Dip.le Aggr. Matematica e Fisica - Sez. Fisica$beng 082 04$a541.3/9$220 084 $aLC QD461 100 1 $aAtkins, Peter William$062922 245 10$aAtoms, electrons, and change /$cP.W. Atkins 260 $aNew York :$bScientific American Library :$bDistritubed by W.H. Freeman,$cc1991 300 $aix, 242 p. :$bill. (some col.) ;$c24 cm 504 $aIncludes bibliographical references (p. 229-231) and index 650 4$aChemical reactions 650 4$aAtomic theory 907 $a.b14390309$b14-01-21$c11-05-20 912 $a991003803889707536 945 $aLE006 Fondo Polezzo 279$cEx libris Stefano Polezzo$g1$i2006000181907$lle006$og$pE13.78$q-$rl$s- $t0$u0$v0$w0$x0$y.i15947178$z14-01-21 996 $aAtoms, electrons, and change$91752469 997 $aUNISALENTO 998 $ale006$b11-05-20$cm$da $e $feng$gnyu$h0$i0 LEADER 03274nam 22007455 450 001 9910485589103321 005 20251113194608.0 010 $a981-16-2726-6 024 7 $a10.1007/978-981-16-2726-2 035 $a(CKB)5590000000487519 035 $a(MiAaPQ)EBC6648205 035 $a(Au-PeEL)EBL6648205 035 $a(OCoLC)1285803577 035 $a(DE-He213)978-981-16-2726-2 035 $a(EXLCZ)995590000000487519 100 $a20210619d2021 u| 0 101 0 $aeng 135 $aurcnu|||||||| 181 $ctxt$2rdacontent 182 $cc$2rdamedia 183 $acr$2rdacarrier 200 10$aCylindrical Vibratory Gyroscope /$fby Xuezhong Wu, Xiang Xi, Yulie Wu, Dingbang Xiao 205 $a1st ed. 2021. 210 1$aSingapore :$cSpringer Nature Singapore :$cImprint: Springer,$d2021. 215 $a1 online resource (208 pages) 225 1 $aSpringer Tracts in Mechanical Engineering,$x2195-9870 311 08$a981-16-2725-8 327 $aIntroduction -- Operating Principle and Structure of Cylindrical Vibratory Gyroscope -- Theoretical Analysis and Modeling of Cylindrical Vibratory Gyroscope -- Dynamic Analysis and Modeling of Cylindrical Vibratory Gyroscope -- Manufacture of Cylindrical Vibratory Gyroscope -- Parameter Test Method of Cylindrical Vibratory Gyroscope -- Closed-loop Control of Cylindrical Vibratory Gyroscope -- Error Mechanism and Compensation of Cylindrical Vibratory Gyroscope. 330 $aThis book introduces readers to the shell structure, operating principle, manufacturing process, and control theory for cylindrical vibratory gyroscopes. The cylindrical vibratory gyroscope is an important type of Coriolis vibratory gyroscope that holds considerable potential for development and application. The main aspects addressed include: operating principle and structure, theoretical analysis and modeling, dynamic analysis and modeling, manufacturing process, parameter testing methods, closed-loop control, and the error compensation mechanism in cylindrical vibratory gyroscopes. 410 0$aSpringer Tracts in Mechanical Engineering,$x2195-9870 606 $aMicrotechnology 606 $aMicroelectromechanical systems 606 $aManufactures 606 $aAutomatic control 606 $aRobotics 606 $aAutomation 606 $aMechanics 606 $aCivil engineering 606 $aMicrosystems and MEMS 606 $aMachines, Tools, Processes 606 $aControl, Robotics, Automation 606 $aClassical Mechanics 606 $aCivil Engineering 615 0$aMicrotechnology. 615 0$aMicroelectromechanical systems. 615 0$aManufactures. 615 0$aAutomatic control. 615 0$aRobotics. 615 0$aAutomation. 615 0$aMechanics. 615 0$aCivil engineering. 615 14$aMicrosystems and MEMS. 615 24$aMachines, Tools, Processes. 615 24$aControl, Robotics, Automation. 615 24$aClassical Mechanics. 615 24$aCivil Engineering. 676 $a681.753 700 $aWu$b Xuezhong$0975087 801 0$bMiAaPQ 801 1$bMiAaPQ 801 2$bMiAaPQ 906 $aBOOK 912 $a9910485589103321 996 $aCylindrical Vibratory Gyroscope$92220261 997 $aUNINA